00599nas a2200193 a 4500001001000000003000400010005001700014008004100031040003300072043000900105130004700114245004100161260011800202300001000320362000900330500003400339942001500373999001700388000035057DLC20240905123019.0111024c19409999dr mr1pdd 0 0spa d aDO-SdBNPbspacDO-SdBNPerda anwdr0 aBoletín de estadística bancaria96069800aBoletín de estadística bancaria. aCiudad Trujillo :bDirección General de Estadística Nacional. Sección de Producción y Economía.,c1940. c21cm.0 a1939 aTítulo tomado de la portada 2ddccISSUE c34548d34548